Rekreačný príspevok - pravidlá

S účinnosťou od 1. 1. 2019 sa zaviedol inštitút s názvom "Príspevok na rekreáciu". Ide o príjem zamestnanca, ktorý poskytuje zamestnancovi zamestnávateľ a ktorý je po splnení zákonných podmienok oslobodený od dane z príjmu a od odvodov na zdravotné a sociálne poistenie. Na strane zamestnávateľa, ak...

Descripción completa

Guardado en:
Detalles Bibliográficos
Autor principal: Matlovičová, Iveta
Formato: Capítulo de libro
Lenguaje:eslovaco
Materias:
Etiquetas: Agregar Etiqueta
Sin Etiquetas, Sea el primero en etiquetar este registro!

MARC

LEADER 00000naa a2200000 4500
001 0300480
005 20240527074835.1
041 0 |a slo 
044 |a SK 
245 1 0 |a Rekreačný príspevok - pravidlá  |c Iveta Matlovičová 
520 |a S účinnosťou od 1. 1. 2019 sa zaviedol inštitút s názvom "Príspevok na rekreáciu". Ide o príjem zamestnanca, ktorý poskytuje zamestnancovi zamestnávateľ a ktorý je po splnení zákonných podmienok oslobodený od dane z príjmu a od odvodov na zdravotné a sociálne poistenie. Na strane zamestnávateľa, ak je rekreačný príspevok poskytnutý v rozsahu Zákonníka práce, ide o daňovo uznaný výdavok zamestnávateľa. Aké sú základné pravidlá pri poskytovaní rekreačného príspevku? 
610 2 0 |a príspevky rekreačné 
610 2 0 |a zamestnanci 
610 2 0 |a zamestnávatelia 
610 2 0 |a výdavky daňové 
610 2 0 |a povinnosti zamestnávateľov 
610 2 0 |a zákonník práce 
100 1 |a Matlovičová, Iveta